000 00562nam a2200241Ia 4500
003 OSt
005 20220912145735.0
006 a|||||r|||| 00| 0
007 ta
008 220909b |||||||| |||| 00| 0 eng d
024 _a74650
037 _cTextbook
040 _aCSL
_beng
_cCSL
041 _aeng
082 _aD66:B3, J1;1
100 _aFich S
245 0 _aTransient analysis in engineering
260 _c1951
300 _ap.
_ccm.
650 _aTensors
942 _hD66:B3, J1;1
_cTB
_2CC
999 _c37278
_d37278